[Event "CZE-chT1E 1112"]
[Site "Czech Republic"]
[Date "2012.03.18"]
[Round "10"]
[White "Sikora, Jan"]
[Black "Sochor, Stanislav"]
[Result "1/2-1/2"]
[WhiteElo "2251"]
[BlackElo "2092"]
[PlyCount "97"]
[EventDate "2011.10.02"]
[EventType "team-tourn"]
[EventRounds "11"]
[EventCountry "CZE"]
[SourceTitle "EXT 2013"]
[Source "ChessBase"]
[SourceDate "2012.11.22"]
[SourceVersion "1"]
[SourceVersionDate "2012.11.22"]
[SourceQuality "1"]
[WhiteTeam "Trinec"]
[BlackTeam "Grygov II"]
[WhiteTeamCountry "CZE"]
[BlackTeamCountry "CZE"]

1. e4 e6 2. d4 d5 3. e5 c5 4. c3 Nc6 5. Nf3 Qb6 6. a3 c4 7. Be2 f6 8. 0-0 fxe5 9. Nxe5 Nxe5 10. dxe5 Bc5 11. Nd2 Ne7 12. b4 cxb3 13. Nxb3 0-0 14. Nxc5 Qxc5 15. Qb3 b6 16. a4 Qc7 17. Ba3 Rf7 18. Bd6 Qd8 19. Bb5 Bb7 20. a5 Rc8 21. axb6 axb6 22. Ra7 Nf5 23. Ba3 Ba8 24. Rxf7 Kxf7 25. Bd3 g6 26. Bxf5 gxf5 27. Bd6 d4 28. cxd4 Qg5 29. f3 Bd5 30. Qb2 Rc4 31. Qf2 Rc3 32. Kh1 Rd3 33. Qg3 Qxg3 34. hxg3 Rxd4 35. Rb1 b5 36. Rxb5 Rd1+ 37. Kh2 Rd2 38. Kg1 Rd1+ 39. Kh2 Rd2 40. Kh3 h5 41. Rb8 Bc4 42. Bb4 Rb2 43. Rf8+ Kg7 44. Be7 Bf1 45. Rf6 Bxg2+ 46. Kh4 Rb6 47. Bf8+ Kg8 48. Bd6 Bxf3 49. Kg5 1/2-1/2

[Event "CZE-chT1E 1112"]
[Site "Czech Republic"]
[Date "2012.01.29"]
[Round "7.7"]
[White "Sochor, Stanislav"]
[Black "Brazdil, Roman"]
[Result "1-0"]
[WhiteElo "2092"]
[BlackElo "2137"]
[PlyCount "57"]
[EventDate "2011.10.02"]
[EventType "team-tourn"]
[EventRounds "11"]
[EventCountry "CZE"]
[SourceTitle "EXT 2013"]
[Source "ChessBase"]
[SourceDate "2012.11.22"]
[SourceVersion "1"]
[SourceVersionDate "2012.11.22"]
[SourceQuality "1"]
[WhiteTeam "Grygov II"]
[BlackTeam "Kromeriz"]
[WhiteTeamCountry "CZE"]
[BlackTeamCountry "CZE"]

1. d4 Nf6 2. Nf3 e6 3. e3 d5 4. Bd3 Bd6 5. 0-0 0-0 6. c4 dxc4 7. Bxc4 c5 8. Qe2 cxd4 9. exd4 b6 10. Nc3 Bb7 11. Bg5 Be7 12. Rad1 Bd5 13. Nxd5 exd5 14. Bb3 Nc6 15. Qb5 Rc8 16. Rc1 Qd6 17. a3 Rfd8 18. g3 Ne4 19. Bf4 Qf6 20. Rfd1 g5 21. Bxd5 Nxd4 22. Rxd4 Nd6 23. Qb3 gxf4 24. Rxc8 Rxc8 25. Rxf4 Qg7 26. Qa4 Qxb2 27. Qd7 Qc1+ 28. Kg2 Qd1 29. Bxf7+ 1-0

[Event "CZE-chT1E 1112"]
[Site "Czech Republic"]
[Date "2011.12.11"]
[Round "5"]
[White "Dobes, Vojtech"]
[Black "Sochor, Stanislav"]
[Result "1/2-1/2"]
[WhiteElo "2061"]
[BlackElo "2092"]
[PlyCount "164"]
[EventDate "2011.10.02"]
[EventType "team-tourn"]
[EventRounds "11"]
[EventCountry "CZE"]
[SourceTitle "EXT 2013"]
[Source "ChessBase"]
[SourceDate "2012.11.22"]
[SourceVersion "1"]
[SourceVersionDate "2012.11.22"]
[SourceQuality "1"]
[WhiteTeam "Stare Mesto"]
[BlackTeam "Grygov II"]
[WhiteTeamCountry "CZE"]
[BlackTeamCountry "CZE"]

1. e4 e6 2. d4 d5 3. Nd2 Nf6 4. e5 Nfd7 5. Bd3 c5 6. c3 Nc6 7. Ne2 cxd4 8. cxd4 f6 9. exf6 Nxf6 10. 0-0 Bd6 11. Nf3 Qc7 12. Bg5 0-0 13. Bh4 g6 14. Bg3 Bxg3 15. hxg3 Qg7 16. Rc1 Bd7 17. Re1 Ng4 18. Qd2 Rae8 19. Bb5 g5 20. Rf1 h6 21. Nh2 Nf6 22. Bxc6 Bxc6 23. Nc3 Qg6 24. Nf3 Ng4 25. Nh2 Nxh2 26. Kxh2 e5 27. dxe5 Rxe5 28. Rce1 Rxe1 29. Rxe1 Rd8 30. Qd4 Qg7 31. Rd1 Qxd4 32. Rxd4 Kf7 33. f4 Ke6 34. Kh3 Rg8 35. b4 b6 36. Rd2 Rg7 37. Ne2 Kd6 38. Nd4 Bd7+ 39. Kh2 Re7 40. Re2 Re4 41. Rd2 gxf4 42. gxf4 Rxf4 43. Kg3 Re4 44. Kf2 a6 45. a3 Bg4 46. Nc2 Ke5 47. Ne3 Be6 48. Nc2 d4 49. Ne1 Bg4 50. Nd3+ Kd5 51. Nc1 Re3 52. a4 Kc4 53. b5 axb5 54. axb5 Rc3 55. Na2 Bf5 56. Nxc3 dxc3 57. Rd6 c2 58. Rxb6 Be4 59. Rb8 Bc6 60. bxc6 c1Q 61. Re8 Qf4+ 62. Kg1 Qd4+ 63. Kh2 Qd6+ 64. Kh3 Qxc6 65. Re3 Qd7+ 66. Kh2 Qd6+ 67. Rg3 Kd4 68. Kh3 Qe6+ 69. Kh2 Ke4 70. Rf3 Qd6+ 71. Kg1 Qd1+ 72. Kf2 Qc1 73. Kg3 Qe1+ 74. Kh3 h5 75. Kh2 h4 76. Rh3 Kf4 77. Rf3+ Kg4 78. Rh3 Qe5+ 79. Kg1 Qd6 80. Kh1 Qd1+ 81. Kh2 Qe1 82. Rf3 Qe5+ 1/2-1/2

[Event "CZE-chT1E 1011"]
[Site "Czech Republic"]
[Date "2011.02.27"]
[Round "9.7"]
[White "Studeny, Radovan"]
[Black "Sochor, Stanislav"]
[Result "0-1"]
[WhiteElo "2095"]
[BlackElo "2084"]
[PlyCount "70"]
[EventDate "2010.10.10"]
[EventType "team-tourn"]
[EventRounds "11"]
[EventCountry "CZE"]
[SourceTitle "EXT 2012"]
[Source "ChessBase"]
[SourceDate "2011.11.24"]
[SourceVersion "1"]
[SourceVersionDate "2011.11.24"]
[SourceQuality "1"]
[WhiteTeam "Stare Mesto"]
[BlackTeam "Grygov II"]
[WhiteTeamCountry "CZE"]
[BlackTeamCountry "CZE"]

1. e4 e6 2. d4 d5 3. exd5 exd5 4. Bf4 Nf6 5. Bd3 Bd6 6. Qe2+ Be6 7. Bxd6 Qxd6 8. Nf3 0-0 9. 0-0 Bg4 10. c3 Re8 11. Qd1 Qb6 12. b3 c5 13. Nbd2 cxd4 14. cxd4 Nc6 15. h3 Bh5 16. g4 Bg6 17. Bxg6 hxg6 18. Nb1 Ne4 19. Kg2 Rac8 20. Re1 f5 21. g5 Qd8 22. a3 Kf7 23. h4 Qd6 24. Re3 Qf4 25. Qd3 Qg4+ 26. Kf1 f4 27. Nh2 Qxh4 28. Rxe4 Rxe4 29. Nf3 Qh1+ 30. Ng1 Rxd4 31. Qf3 Qxf3 32. Nxf3 Rd1+ 33. Ke2 Rh1 34. Nfd2 Ne5 35. Ra2 Rcc1 0-1

[Event "Ostrava op"]
[Site "Ostrava"]
[Date "2010.05.09"]
[Round "9"]
[White "Macek, Kamil"]
[Black "Sochor, Stanislav"]
[Result "1-0"]
[WhiteElo "1950"]
[BlackElo "2110"]
[PlyCount "41"]
[EventDate "2010.05.01"]
[EventType "swiss"]
[EventRounds "9"]
[EventCountry "CZE"]
[SourceTitle "EXT 2011"]
[Source "ChessBase"]
[SourceDate "2010.11.26"]
[SourceVersion "1"]
[SourceVersionDate "2010.11.26"]
[SourceQuality "1"]

1. e4 e6 2. d4 d5 3. Nd2 Nf6 4. e5 Nfd7 5. Bd3 c5 6. c3 Nc6 7. Ne2 cxd4 8. cxd4 f6 9. exf6 Nxf6 10. Nf3 Bd6 11. 0-0 Qc7 12. Bg5 0-0 13. Bh4 Nh5 14. Qc2 h6 15. Bh7+ Kh8 16. Bg6 Nf4 17. Nxf4 Bxf4 18. Bg3 Qe7 19. Bh4 Bg5 20. Nxg5 hxg5 21. Qd1 1-0

[Event "Ostrava op"]
[Site "Ostrava"]
[Date "2010.05.08"]
[Round "8"]
[White "Sochor, Stanislav"]
[Black "Borovicka, Bohumil"]
[Result "1/2-1/2"]
[WhiteElo "2110"]
[BlackElo "2010"]
[PlyCount "70"]
[EventDate "2010.05.01"]
[EventType "swiss"]
[EventRounds "9"]
[EventCountry "CZE"]
[SourceTitle "EXT 2011"]
[Source "ChessBase"]
[SourceDate "2010.11.26"]
[SourceVersion "1"]
[SourceVersionDate "2010.11.26"]
[SourceQuality "1"]

1. d4 d5 2. Nf3 e6 3. e3 f5 4. Bd3 Nf6 5. 0-0 Bd6 6. c4 c6 7. b3 Qe7 8. Bb2 0-0 9. Qc1 Ne4 10. Ba3 Nd7 11. Bxd6 Qxd6 12. Nbd2 b6 13. Qb2 a5 14. a3 c5 15. cxd5 exd5 16. Rfd1 Qe6 17. Rac1 Ba6 18. Bxa6 Rxa6 19. Ne5 Nxe5 20. dxe5 Nxd2 21. Qxd2 Qxe5 22. Qxd5+ Qxd5 23. Rxd5 a4 24. Rb1 axb3 25. Rxb3 Rfa8 26. h4 g6 27. h5 Kg7 28. hxg6 hxg6 29. Rd6 c4 30. Rb4 b5 31. Rd7+ Kh6 32. Rxb5 c3 33. Rdd5 Rxa3 34. Rdc5 Ra1+ 35. Kh2 R1a3 1/2-1/2

[Event "Ostrava op"]
[Site "Ostrava"]
[Date "2010.05.06"]
[Round "6"]
[White "Chrostek, Lukas"]
[Black "Sochor, Stanislav"]
[Result "0-1"]
[WhiteElo "1750"]
[BlackElo "2110"]
[PlyCount "48"]
[EventDate "2010.05.01"]
[EventType "swiss"]
[EventRounds "9"]
[EventCountry "CZE"]
[SourceTitle "EXT 2011"]
[Source "ChessBase"]
[SourceDate "2010.11.26"]
[SourceVersion "1"]
[SourceVersionDate "2010.11.26"]
[SourceQuality "1"]

1. e4 e6 2. d4 d5 3. exd5 exd5 4. Nf3 Bd6 5. Bd3 Bg4 6. 0-0 Ne7 7. c3 Nbc6 8. Be3 Qd7 9. Nbd2 h6 10. Qc2 f5 11. Ne5 Nxe5 12. dxe5 Bxe5 13. Nb3 b6 14. f3 Bh5 15. Nd4 f4 16. Bf2 0-0 17. Rfe1 Bd6 18. Re2 c5 19. Bb5 Qc8 20. Bh4 cxd4 21. Bxe7 d3 22. Bxd3 Bxe7 23. Bh7+ Kh8 24. Re5 Bf7 0-1

[Event "Ostrava op"]
[Site "Ostrava"]
[Date "2010.05.05"]
[Round "5"]
[White "Sochor, Stanislav"]
[Black "Balkova, Anna"]
[Result "0-1"]
[WhiteElo "2110"]
[BlackElo "1885"]
[PlyCount "88"]
[EventDate "2010.05.01"]
[EventType "swiss"]
[EventRounds "9"]
[EventCountry "CZE"]
[SourceTitle "EXT 2011"]
[Source "ChessBase"]
[SourceDate "2010.11.26"]
[SourceVersion "1"]
[SourceVersionDate "2010.11.26"]
[SourceQuality "1"]

1. d4 d5 2. Nf3 e6 3. e3 c5 4. b3 Nc6 5. Bd3 cxd4 6. exd4 Nf6 7. 0-0 h6 8. a3 Bd6 9. Nbd2 Bf4 10. Re1 0-0 11. Bb2 Bxd2 12. Qxd2 b6 13. b4 Bb7 14. Bc3 Ne7 15. b5 Nc8 16. Bb4 Re8 17. Qf4 a5 18. bxa6 Bxa6 19. Bxa6 Rxa6 20. Re3 Ne7 21. Ne5 Nf5 22. Rd3 Nd7 23. g4 Nxe5 24. dxe5 Ne7 25. Rf3 Rf8 26. Qd2 Re8 27. Qf4 Rf8 28. Rd1 Ng6 29. Qe3 Re8 30. Bd6 Qc8 31. Qd3 Ra4 32. h3 Nf4 33. Qb5 Rc4 34. Rd2 Ng6 35. Kh2 Qc6 36. Qa6 Ra8 37. Qxc4 dxc4 38. Kg3 Ra5 39. Re3 Rd5 40. Rde2 Rxd6 41. exd6 Qxd6+ 42. Kg2 Nf4+ 43. Kf1 Nxe2 44. Kxe2 Qd4 0-1

[Event "CZE-chT2F 0910"]
[Site "Czech Republic"]
[Date "2010.04.18"]
[Round "11.7"]
[White "Brazina, David"]
[Black "Sochor, Stanislav"]
[Result "1/2-1/2"]
[WhiteElo "1936"]
[BlackElo "2118"]
[PlyCount "26"]
[EventDate "2009.10.18"]
[EventType "team-tourn"]
[EventRounds "11"]
[EventCountry "CZE"]
[SourceTitle "EXT 2012"]
[Source "ChessBase"]
[SourceDate "2011.11.24"]
[SourceVersion "1"]
[SourceVersionDate "2011.11.24"]
[SourceQuality "1"]
[WhiteTeam "Ostrava Mittal II"]
[BlackTeam "Grygov II"]
[WhiteTeamCountry "CZE"]
[BlackTeamCountry "CSR"]

1. e4 e6 2. d4 d5 3. Nd2 Nf6 4. e5 Nfd7 5. Bd3 c5 6. c3 Nc6 7. Ne2 cxd4 8. cxd4 f6 9. exf6 Nxf6 10. Nf3 Bd6 11. Bf4 0-0 12. Bxd6 Qxd6 13. 0-0 Ng4 1/2-1/2

[Event "Litomysl op 11th"]
[Site "Litomysl"]
[Date "2009.12.29"]
[Round "5"]
[White "Weglarz, Leszek"]
[Black "Sochor, Stanislav"]
[Result "0-1"]
[WhiteElo "2233"]
[BlackElo "2118"]
[PlyCount "102"]
[EventDate "2009.12.26"]
[EventType "swiss"]
[EventRounds "9"]
[EventCountry "CZE"]
[SourceTitle "CBM 134 Extra"]
[Source "ChessBase"]
[SourceDate "2010.03.03"]
[SourceVersion "1"]
[SourceVersionDate "2010.03.03"]
[SourceQuality "1"]

1. e4 e6 2. d4 d5 3. exd5 exd5 4. c4 Nf6 5. Nc3 Be7 6. cxd5 Nxd5 7. Bc4 Nb6 8. Bb3 0-0 9. Nf3 Bg4 10. 0-0 Nc6 11. Be3 Bf6 12. h3 Bh5 13. g4 Bg6 14. g5 Be7 15. Ne5 Na5 16. Nxg6 hxg6 17. h4 Nxb3 18. axb3 c6 19. Kg2 Nd5 20. Rh1 f5 21. Nxd5 Qxd5+ 22. f3 f4 23. Bf2 a6 24. Re1 Bd6 25. Qc2 Kf7 26. Re4 Rad8 27. Rae1 Qf5 28. Qc4+ Qd5 29. Re6 Rfe8 30. Qxd5 cxd5 31. Rxe8 Rxe8 32. Rxe8 Kxe8 33. Kh3 Bb4 34. Kg4 Bd2 35. h5 gxh5+ 36. Kf5 Be3 37. Bh4 Bxd4 38. Ke6 Bxb2 39. Kxd5 Kf7 40. Kc5 Kg6 41. Kb6 Ba3 42. Kxb7 Be7 43. Kxa6 Bxg5 44. Bf2 Be7 45. Ka5 Kf5 46. b4 g5 47. b5 g4 48. fxg4+ hxg4 49. b6 g3 50. b7 Bd6 51. Bc5 Bb8 0-1

[Event "CZE-chT2F 0910"]
[Site "Czech Republic"]
[Date "2009.12.06"]
[Round "4.8"]
[White "Sochor, Stanislav"]
[Black "Remes, Radek"]
[Result "1-0"]
[WhiteElo "2118"]
[BlackElo "2020"]
[PlyCount "124"]
[EventDate "2009.10.18"]
[EventType "team-tourn"]
[EventRounds "11"]
[EventCountry "CZE"]
[SourceTitle "EXT 2012"]
[Source "ChessBase"]
[SourceDate "2011.11.24"]
[SourceVersion "1"]
[SourceVersionDate "2011.11.24"]
[SourceQuality "1"]
[WhiteTeam "Grygov II"]
[BlackTeam "Dobra"]
[WhiteTeamCountry "CSR"]
[BlackTeamCountry "CZE"]

1. d4 Nf6 2. Nf3 g6 3. g3 Bg7 4. Bg2 0-0 5. 0-0 d6 6. c4 c6 7. Nc3 Nbd7 8. h3 e5 9. e4 Qc7 10. Be3 Re8 11. Qc2 a6 12. a4 exd4 13. Nxd4 a5 14. Nb3 Ne5 15. c5 dxc5 16. Nxc5 Ned7 17. Rad1 Nxc5 18. Bxc5 Be6 19. f4 Nd7 20. Bf2 f5 21. Kh2 fxe4 22. Nxe4 Bf5 23. Qc4+ Be6 24. Qc1 Kh8 25. Bd4 Nb6 26. Nc5 Bxd4 27. Rxd4 Bd5 28. Qc3 Kg8 29. Rf2 Bxg2 30. Rxg2 Nd5 31. Qb3 b6 32. Ne4 Kg7 33. Rc2 Rad8 34. Rxd5 Rxd5 35. Qxd5 cxd5 36. Rxc7+ Kf8 37. Nf6 Re2+ 38. Kg1 h5 39. Nxd5 Rxb2 40. Rc6 b5 41. axb5 Rxb5 42. Ne3 Kg7 43. Nc4 a4 44. Kf2 Rb3 45. Ra6 h4 46. gxh4 Rxh3 47. Ne5 Rxh4 48. Rxg6+ Kf8 49. Kg3 Rh1 50. Ra6 Ra1 51. Nc4 Rg1+ 52. Kf3 Ra1 53. Ke4 Ra2 54. Kf5 Ke7 55. Ra7+ Kd8 56. Kf6 Ra1 57. f5 Ke8 58. Ke6 Kf8 59. f6 Kg8 60. Ra8+ Kh7 61. f7 a3 62. f8Q Re1+ 1-0

[Event "CZE-chT2F 0910"]
[Site "Czech Republic"]
[Date "2009.11.08"]
[Round "2.7"]
[White "Holeksa, Milos"]
[Black "Sochor, Stanislav"]
[Result "1-0"]
[WhiteElo "2095"]
[BlackElo "2118"]
[PlyCount "61"]
[EventDate "2009.10.18"]
[EventType "team-tourn"]
[EventRounds "11"]
[EventCountry "CZE"]
[SourceTitle "EXT 2012"]
[Source "ChessBase"]
[SourceDate "2011.11.24"]
[SourceVersion "1"]
[SourceVersionDate "2011.11.24"]
[SourceQuality "1"]
[WhiteTeam "Havirov"]
[BlackTeam "Grygov II"]
[WhiteTeamCountry "CZE"]
[BlackTeamCountry "CSR"]

1. e4 e6 2. d4 d5 3. Nd2 Nf6 4. e5 Nfd7 5. f4 c5 6. Ndf3 Nc6 7. c3 cxd4 8. cxd4 Bb4+ 9. Bd2 Qb6 10. Bxb4 Nxb4 11. Ne2 f5 12. Nc3 a6 13. Be2 Nc6 14. Qd2 Nf8 15. 0-0 Bd7 16. Kh1 Qd8 17. Rab1 b5 18. b4 Qe7 19. a4 bxa4 20. Nxa4 Qd8 21. Nc5 a5 22. Nb7 Qc7 23. bxa5 Ra7 24. a6 Ng6 25. Nd6+ Ke7 26. Nb5 Qb6 27. Nxa7 Qxa7 28. Rb7 Qa8 29. Bb5 Rc8 30. Bxc6 Rxc6 31. Qb4+ 1-0

[Event "CZE-chT 0708"]
[Site "Czech Republic"]
[Date "2007.12.02"]
[Round "4.8"]
[White "Ponizil, Cyril"]
[Black "Sochor, Stanislav"]
[Result "0-1"]
[WhiteElo "2295"]
[BlackElo "2132"]
[PlyCount "158"]
[EventDate "2007.11.17"]
[EventType "team-tourn"]
[EventRounds "11"]
[EventCountry "CZE"]
[SourceTitle "EXT 2009"]
[Source "ChessBase"]
[SourceDate "2008.11.26"]
[SourceVersion "1"]
[SourceVersionDate "2008.11.26"]
[SourceQuality "1"]
[WhiteTeam "Zlin"]
[BlackTeam "Grygov"]
[WhiteTeamCountry "CZE"]
[BlackTeamCountry "CZE"]

1. e4 e6 2. d4 d5 3. Nd2 Nf6 4. e5 Nfd7 5. Bd3 c5 6. c3 b6 7. Ne2 Ba6 8. Bxa6 Nxa6 9. 0-0 b5 10. Nf4 Qb6 11. Nf3 Be7 12. Be3 c4 13. Nh5 Rg8 14. b4 h6 15. a4 Nc7 16. Ng3 a6 17. axb5 Nxb5 18. Qc2 Nf8 19. Ra5 Nxc3 20. Bd2 Nb5 21. Qa4 Nd7 22. Ra1 Nxd4 23. Nxd4 Qxd4 24. Be3 Qxe5 25. b5 Bd6 26. bxa6 Ke7 27. Rb5 Rgb8 28. Rab1 d4 29. Rb7 Rd8 30. R1b5 Bc5 31. Bc1 Qe1+ 32. Nf1 Bd6 33. Bd2 Qe4 34. Ba5 c3 35. Bxd8+ Rxd8 36. a7 c2 37. a8Q Rxa8 38. Qxa8 Qxb7 39. Rxb7 c1Q 40. Qa4 Qc8 41. Qb5 d3 42. g3 Kd8 43. Nd2 Ne5 44. Ne4 Bc7 45. Kg2 f5 46. Nc5 d2 47. Qb3 Ke7 48. Ra7 Nc6 49. Ra1 Bd6 50. Qc3 Be5 51. Qa3 Bxa1 52. Qxa1 Ne5 53. Nd3 Qc6+ 54. Kh3 Nxd3 55. Qxg7+ Kd6 56. Qd4+ Qd5 57. Qb6+ Ke5 58. Qe3+ Qe4 59. Qxd2 Qg4+ 60. Kg2 Nf4+ 61. Kg1 Ne2+ 62. Kf1 Nd4 63. Qxh6 Qe2+ 64. Kg2 Qe4+ 65. Kh3 Nf3 66. Qg7+ Kd6 67. Qf8+ Kc7 68. Qe7+ Kb6 69. Qd8+ Kb5 70. Qd7+ Kb4 71. Qd6+ Kc3 72. Qa3+ Kd2 73. Qb2+ Ke1 74. Qc3+ Kxf2 75. Qc5+ Kf1 76. Qc1+ Kf2 77. Qb2+ Qe2 78. Qb6+ Kf1 79. Qb1+ Ne1 0-1

[Event "CZE-chT 0708"]
[Site "Czech Republic"]
[Date "2007.12.01"]
[Round "3.8"]
[White "Sochor, Stanislav"]
[Black "Holeksa, Zdenek"]
[Result "1-0"]
[WhiteElo "2132"]
[BlackElo "2207"]
[PlyCount "77"]
[EventDate "2007.11.17"]
[EventType "team-tourn"]
[EventRounds "11"]
[EventCountry "CZE"]
[SourceTitle "EXT 2009"]
[Source "ChessBase"]
[SourceDate "2008.11.26"]
[SourceVersion "1"]
[SourceVersionDate "2008.11.26"]
[SourceQuality "1"]
[WhiteTeam "Grygov"]
[BlackTeam "Frydek Mistek"]
[WhiteTeamCountry "CZE"]
[BlackTeamCountry "CZE"]

1. d4 Nf6 2. Nf3 e6 3. e3 b6 4. Bd3 c5 5. 0-0 Be7 6. b3 Bb7 7. Qe2 0-0 8. Nbd2 d6 9. Bb2 Nc6 10. a3 a6 11. c4 Qc7 12. Ng5 cxd4 13. exd4 d5 14. Rac1 Qf4 15. Nh3 Qd6 16. Nf3 Rfd8 17. Rfd1 h6 18. b4 dxc4 19. Bxc4 Nd5 20. Ne5 b5 21. Ba2 Bf6 22. Qh5 Rf8 23. Ng4 Nce7 24. Bb1 Rfc8 25. Rc5 Rxc5 26. dxc5 Qc6 27. Bxf6 Nxf6 28. Nxf6+ gxf6 29. f3 Kg7 30. Nf4 f5 31. Qh4 Ng8 32. Rd6 Qe8 33. Nh5+ Kh8 34. Qd4+ e5 35. Qh4 f6 36. Bxf5 Qf7 37. Rd7 Ne7 38. Rxb7 Nxf5 39. Rxf7 1-0

[Event "CZE-chT2e 0607"]
[Site "Czech Republic"]
[Date "2007.02.25"]
[Round "8.1"]
[White "Tikovsky, Alexander"]
[Black "Sochor, Stanislav"]
[Result "1-0"]
[WhiteElo "2194"]
[BlackElo "2140"]
[PlyCount "71"]
[EventDate "2006.10.15"]
[EventType "team"]
[EventRounds "11"]
[EventCountry "CZE"]
[SourceTitle "EXT 2009"]
[Source "ChessBase"]
[SourceDate "2008.11.26"]
[SourceVersion "1"]
[SourceVersionDate "2008.11.26"]
[SourceQuality "1"]

1. g3 d5 2. Nf3 c5 3. Bg2 Nc6 4. d4 e6 5. 0-0 Nf6 6. c4 Be7 7. cxd5 exd5 8. Nc3 0-0 9. Bg5 cxd4 10. Nxd4 h6 11. Be3 Re8 12. Qa4 Bd7 13. Rfd1 Na5 14. Qc2 Rc8 15. Nf5 Be6 16. Bd4 Bb4 17. Ne3 Bxc3 18. Bxc3 Nc4 19. Nxc4 Rxc4 20. b3 Rc7 21. Qb2 Qe7 22. Bxf6 Qxf6 23. Qxf6 gxf6 24. Rd2 b6 25. Rad1 Bg4 26. f3 Bc8 27. Kf2 Rce7 28. Rc1 Ba6 29. Bf1 Kg7 30. Rc6 Rd8 31. Rd4 Rde8 32. Rc2 Rd8 33. Rcd2 Bb7 34. Rc2 Rdd7 35. Bg2 Rc7 36. Rdd2 1-0

[Event "CZE-chT2e 0607"]
[Site "Czech Republic"]
[Date "2007.01.14"]
[Round "6.1"]
[White "Drtina, Milan"]
[Black "Sochor, Stanislav"]
[Result "1-0"]
[WhiteElo "2314"]
[BlackElo "2140"]
[PlyCount "103"]
[EventDate "2006.10.15"]
[EventType "team"]
[EventRounds "11"]
[EventCountry "CZE"]
[SourceTitle "EXT 2009"]
[Source "ChessBase"]
[SourceDate "2008.11.26"]
[SourceVersion "1"]
[SourceVersionDate "2008.11.26"]
[SourceQuality "1"]

1. e4 e6 2. d4 d5 3. Nd2 Nf6 4. e5 Nfd7 5. c3 c5 6. Bd3 b6 7. Ne2 Ba6 8. Bb1 Nc6 9. Nf3 Be7 10. h4 Qc7 11. 0-0 h6 12. Re1 Bxe2 13. Rxe2 b5 14. g3 Nb6 15. Bf4 c4 16. Bc2 a5 17. Qf1 b4 18. Qh3 a4 19. Qg4 Bf8 20. h5 a3 21. Bc1 axb2 22. Bxb2 Na4 23. Bxa4 Rxa4 24. cxb4 Nxb4 25. Bc3 Qa7 26. Bxb4 Rxb4 27. Rc1 Qa3 28. Rcc2 Rg8 29. Nh4 Be7 30. Ng6 Kd7 31. Nf4 Rb5 32. Kg2 Bg5 33. Nh3 Bd8 34. Re3 Qa4 35. Qe2 Bb6 36. Rf3 Rf8 37. Rf4 Qa7 38. Rb2 Qa4 39. Rxb5 Qxb5 40. Qg4 c3 41. Qxg7 Ke8 42. Qh7 Qb2 43. Ng1 c2 44. Ne2 c1Q 45. Nxc1 Qxc1 46. Qd3 Qc4 47. Qa3 Rg8 48. Rf3 Bd8 49. Qa7 Qc7 50. Qa6 Kf8 51. Qxe6 Qb6 52. Qxf7# 1-0

[Event "Karvina op"]
[Site "Karvina"]
[Date "2007.??.??"]
[Round "1"]
[White "Sochor, Stanislav"]
[Black "Kwiatkowski, Zygmunt"]
[Result "1-0"]
[WhiteElo "2124"]
[BlackElo "1631"]
[PlyCount "63"]
[EventDate "2007.07.??"]
[EventType "swiss"]
[EventRounds "9"]
[EventCountry "CZE"]
[SourceTitle "EXT 2010"]
[Source "ChessBase"]
[SourceDate "2010.11.25"]
[SourceVersion "1"]
[SourceVersionDate "2010.11.25"]
[SourceQuality "1"]

1. d4 d5 2. Nf3 Nf6 3. c4 c6 4. e3 g6 5. Nc3 Bg7 6. Ne5 0-0 7. Bd3 dxc4 8. Bxc4 b5 9. Be2 Qc7 10. 0-0 Nbd7 11. Nxc6 Bb7 12. Nxe7+ Kh8 13. d5 a6 14. d6 Qc5 15. f4 Ne4 16. Nxe4 Bxe4 17. a4 Bc2 18. Qd5 Bxa4 19. Ra3 Qxd5 20. Nxd5 Nc5 21. Nb6 Rad8 22. b4 Ne4 23. Nxa4 bxa4 24. Bf3 Nxd6 25. Rxa4 Nc4 26. Rxa6 Bc3 27. Rc6 Nxe3 28. Bxe3 Bxb4 29. Rb1 Be7 30. Rb7 Rd6 31. Rxe7 Rxc6 32. Bxc6 1-0

[Event "CZE-chT2e 0607"]
[Site "Czech Republic"]
[Date "2006.10.15"]
[Round "1.3"]
[White "Navratilik, Pavel"]
[Black "Sochor, Stanislav"]
[Result "0-1"]
[WhiteElo "2132"]
[BlackElo "2140"]
[PlyCount "68"]
[EventDate "2006.10.15"]
[EventType "team"]
[EventRounds "11"]
[EventCountry "CZE"]
[SourceTitle "EXT 2009"]
[Source "ChessBase"]
[SourceDate "2008.11.26"]
[SourceVersion "1"]
[SourceVersionDate "2008.11.26"]
[SourceQuality "1"]

1. d4 d5 2. c4 e6 3. Nc3 c5 4. cxd5 exd5 5. e4 dxe4 6. d5 Nf6 7. Bf4 a6 8. Nge2 Bd6 9. Bxd6 Qxd6 10. Nxe4 Nxe4 11. Qa4+ b5 12. Qxe4+ Qe7 13. Nc3 Nd7 14. 0-0-0 Nf6 15. Qf4 0-0 16. Bd3 Re8 17. d6 Qe6 18. f3 g6 19. Bc2 Nh5 20. Qd2 Bb7 21. Rhe1 Qf6 22. Be4 Rab8 23. g4 Ng7 24. g5 Qd4 25. Qxd4 cxd4 26. Rxd4 Ne6 27. Rd2 Nxg5 28. Nd5 Kg7 29. Ne7 Bxe4 30. fxe4 Nf3 31. Red1 Nxd2 32. Rxd2 f6 33. Rd4 Rb6 34. d7 Rd8 0-1

[Event "CZE-chT2e 0506"]
[Site "Czech Republic"]
[Date "2006.03.12"]
[Round "9.2"]
[White "Sochor, Stanislav"]
[Black "Brazdil, Roman"]
[Result "0-1"]
[WhiteElo "2151"]
[BlackElo "2152"]
[PlyCount "56"]
[EventDate "2005.10.16"]
[EventType "team"]
[EventRounds "11"]
[EventCountry "CZE"]
[SourceTitle "EXT 2008"]
[Source "ChessBase"]
[SourceDate "2007.11.25"]
[SourceVersion "1"]
[SourceVersionDate "2007.11.25"]
[SourceQuality "1"]

1. d4 Nf6 2. Nf3 d5 3. c4 e6 4. Nc3 c6 5. e3 Bd6 6. Bd3 Nbd7 7. 0-0 0-0 8. e4 dxe4 9. Nxe4 Nxe4 10. Bxe4 e5 11. dxe5 Nxe5 12. Nxe5 Bxe5 13. Bxh7+ Kxh7 14. Qh5+ Kg8 15. Qxe5 Re8 16. Qc3 Bf5 17. b3 Qd3 18. Qb4 a5 19. Qd2 a4 20. Rd1 axb3 21. g4 Qf3 22. gxf5 Re4 23. Qd7 Rae8 24. Bf4 b2 25. Rab1 Qxf4 26. Rd3 Re1+ 27. Kg2 Qe4+ 28. Kg3 Rxb1 0-1

[Event "Litomysl op"]
[Site "Litomysl"]
[Date "2004.12.28"]
[Round "4"]
[White "Vyskocil, Neklan"]
[Black "Sochor, Stanislav"]
[Result "1-0"]
[WhiteElo "2300"]
[BlackElo "2133"]
[PlyCount "51"]
[EventDate "2004.12.26"]
[EventType "swiss"]
[EventRounds "9"]
[EventCountry "CZE"]
[SourceTitle "CBM 104 Extra"]
[Source "ChessBase"]
[SourceDate "2005.03.01"]
[SourceVersion "1"]
[SourceVersionDate "2005.03.01"]
[SourceQuality "1"]

1. d4 d5 2. c4 e6 3. Nc3 Nf6 4. Nf3 Be7 5. e3 0-0 6. Be2 dxc4 7. Bxc4 c5 8. 0-0 Nc6 9. a3 a6 10. Bd3 b5 11. dxc5 b4 12. Na4 e5 13. Qc2 Bg4 14. Ng5 h6 15. Nh7 Re8 16. Nxf6+ Bxf6 17. Bh7+ Kh8 18. Be4 Rc8 19. Nb6 Rc7 20. Nd5 Rb7 21. Qa4 Bd7 22. Qxa6 Rb8 23. Nxb4 Re6 24. Rd1 Nd4 25. exd4 exd4 26. Qd3 1-0